Can you see Me: (Record no. 555)
[ view plain ]
| 000 -LEADER | |
|---|---|
| fixed length control field | 00513nam a22001817a 4500 |
| 005 - DATE AND TIME OF LATEST TRANSACTION | |
| control field | 20230808103124.0 |
| 007 - PHYSICAL DESCRIPTION FIXED FIELD--GENERAL INFORMATION | |
| fixed length control field | |
| 008 - FIXED-LENGTH DATA ELEMENTS--GENERAL INFORMATION | |
| fixed length control field | 230808b |||||||| |||| 00| 0 eng d |
| 020 ## - INTERNATIONAL STANDARD BOOK NUMBER | |
| International Standard Book Number | 9780702307126 (pbk) |
| 040 ## - CATALOGING SOURCE | |
| Original cataloging agency | KMU |
| Transcribing agency | KMU |
| Modifying agency | KMU |
| Description conventions | rda |
| 050 ## - LIBRARY OF CONGRESS CALL NUMBER | |
| Classification number | PR 6102.A776 |
| 100 ## - MAIN ENTRY--PERSONAL NAME | |
| Personal name | Scott,Libby |
| 245 ## - TITLE STATEMENT | |
| Title | Can you see Me: |
| Remainder of title | expected to fit in proud to stand out/ |
| Statement of responsibility, etc. | Libby Scott and Rebecca Westcott |
| 260 ## - PUBLICATION, DISTRIBUTION, ETC. | |
| Place of publication, distribution, etc. | London: |
| Name of publisher, distributor, etc. | BookTrust, |
| Date of publication, distribution, etc. | 2020. |
| 300 ## - PHYSICAL DESCRIPTION | |
| Extent | 365 .: |
| Dimensions | 19cm |
| 700 ## - ADDED ENTRY--PERSONAL NAME | |
| Personal name | Westcott,Rebecca |
| 942 ## - ADDED ENTRY ELEMENTS (KOHA) | |
| Source of classification or shelving scheme | Library of Congress Classification |
| Koha item type | Fiction |
| Suppress in OPAC | No |
| Withdrawn status | Lost status | Source of classification or shelving scheme | Damaged status | Not for loan | Collection | Home library | Current library | Shelving location | Date acquired | Source of acquisition | Total Checkouts | Full call number | Barcode | Date last seen | Price effective from | Koha item type | Date last checked out | Total Renewals |
|---|---|---|---|---|---|---|---|---|---|---|---|---|---|---|---|---|---|---|
| Library of Congress Classification | Fiction | Kapasa Makasa University | Kapasa Makasa University | Open Access | 08.08.2023 | Zambia Library Service | PR 6102.A776 Sco | 300243 | 08.08.2023 | 08.08.2023 | Fiction | |||||||
| Library of Congress Classification | Fiction | Kapasa Makasa University | Kapasa Makasa University | Open Access | 08.08.2023 | Zambia Library Service | 1 | PR 6102.A776 Sco | 300241 | 14.09.2023 | 08.08.2023 | Fiction | 04.09.2023 | |||||
| Library of Congress Classification | Fiction | Kapasa Makasa University | Kapasa Makasa University | Open Access | 08.08.2023 | Zambia Library Service | 2 | PR 6102.A776 Sco | 300242 | 07.08.2025 | 08.08.2023 | Fiction | 01.07.2025 | 1 |